000
00317nam a2200133Ia 4500
008
240703s9999 xx 000 0 und d
041
_a
eng
100
_a
Lloyd
245
_a
Performance Appraisals and Phrases For Dummies
260
_b
Wiley
365
_c
RS.
_b
199.00
906
_b
35
999
_c
40831
_d
40831